000 00550nam a22002057a 4500
003 LK-CoMWRAF
005 20231019212639.0
008 231019b |||||||| |||| 00| 0 eng d
020 _a 0669095583
040 _aLK-CoMWRAF
_dLK-CoMWRAF
_eLK-CoMWRAF
041 _aeng
082 _a808.042
_bBLO
100 _aBloom, Lynn Z.
245 _aThe Lexington reader
260 _aLexington, Mass. :
_bD. C. Heath,
_c1987
300 _axliv, 828 p. : ill. ; 23 cm.
650 _aCollege readers
650 _aEnglish language--Rhetoric
942 _cBK
999 _c3941
_d3941